[Event "ISL-chT1 1819"]
[Site "Reykjavik"]
[Date "2019.02.28"]
[Round "6.5"]
[White "Gunnarsson, Gunnar K"]
[Black "Arnason, Throstur"]
[Result "1-0"]
[WhiteElo "2012"]
[BlackElo "2244"]
[PlyCount "101"]
[EventDate "2018.11.08"]
[EventType "team-tourn"]
[EventRounds "9"]
[EventCountry "ISL"]
[SourceTitle "CBM 189 Extra"]
[Source "ChessBase"]
[SourceDate "2019.06.03"]
[SourceVersion "1"]
[SourceVersionDate "2019.06.03"]
[SourceQuality "1"]
[WhiteTeam "Skakdeild KR"]
[BlackTeam "Skakfelagidj Huginn"]
[WhiteTeamCountry "ISL"]
[BlackTeamCountry "ISL"]

1. c4 e6 2. d4 Bb4+ 3. Nc3 f5 4. g3 Nf6 5. Bg2 0-0 6. Nf3 Ne4 7. Qb3 a5 8. 0-0 Nc6 9. a3 Bxc3 10. bxc3 b6 11. a4 Bb7 12. Ba3 Ne7 13. Rfd1 Rf6 14. d5 d6 15. dxe6 Qe8 16. Nd4 f4 17. Qc2 Nxf2 18. Bxb7 fxg3 19. hxg3 Nh3+ 20. Kh1 c6 21. Rf1 Rh6 22. Nf5 Nxf5 23. Qxf5 Nf4+ 24. Kg1 Nxe2+ 25. Kg2 Rf6 26. Qe4 Rxe6 27. Qxc6 Qg6 28. Rf3 Nxg3 29. Rxg3 Re2+ 30. Kf1 Rf8+ 31. Kxe2 Qxg3 32. Qd5+ Kh8 33. Rf1 Qh2+ 34. Qg2 Qe5+ 35. Kd2 Re8 36. Qf3 h6 37. Bc6 Rc8 38. Be4 g5 39. Qf6+ Qxf6 40. Rxf6 Kg7 41. Rxd6 Rxc4 42. Bc2 g4 43. Rg6+ Kf7 44. Rxh6 Rf4 45. Bb3+ Kg7 46. Rh4 Kf6 47. Bd6 Rf2+ 48. Ke3 Rf3+ 49. Ke4 Rf1 50. Rxg4 Re1+ 51. Kd5 1-0

[Event "ISL-chT 1718"]
[Site "Reykjavik"]
[Date "2017.10.21"]
[Round "3.2"]
[White "Arnason, Throstur"]
[Black "Jakubiec, Artur"]
[Result "0-1"]
[WhiteElo "2244"]
[BlackElo "2503"]
[PlyCount "76"]
[EventDate "2017.10.19"]
[EventType "team-tourn"]
[EventRounds "9"]
[EventCountry "ISL"]
[SourceTitle "CBM 181 Extra"]
[Source "ChessBase"]
[SourceDate "2017.12.12"]
[SourceVersion "1"]
[SourceVersionDate "2017.12.12"]
[SourceQuality "1"]
[WhiteTeam "Huginn II"]
[BlackTeam "Víkingaklubburinn"]
[WhiteTeamCountry "ISL"]
[BlackTeamCountry "ISL"]

1. Nf3 f5 2. d4 Nf6 3. c4 g6 4. g3 Bg7 5. Bg2 0-0 6. 0-0 d6 7. Nc3 e6 8. Qc2 Nc6 9. d5 Nb4 10. Qb3 Na6 11. dxe6 Nc5 12. Qc2 Bxe6 13. b3 c6 14. Bb2 a5 15. Rad1 Qc7 16. Ng5 Rfe8 17. a3 Bd7 18. b4 axb4 19. axb4 Ne6 20. Nf3 Nd8 21. Nd4 Nf7 22. b5 c5 23. Nf3 Be6 24. Qb3 Nd7 25. Nd2 Nb6 26. e4 Ne5 27. exf5 gxf5 28. Nd5 Bxd5 29. Bxd5+ Nxd5 30. cxd5 c4 31. Qb4 Nd3 32. Qxc4 Qxc4 33. Nxc4 Nxb2 34. Nxd6 Red8 35. Nxb7 Rdb8 36. Nc5 Nxd1 37. Rxd1 Rxb5 38. Ne6 Ra1 0-1

[Event "ISL-chT 1415"]
[Site "Reykjavik"]
[Date "2015.03.21"]
[Round "8.2"]
[White "Arnason, Throstur"]
[Black "Olafsson, Helgi"]
[Result "0-1"]
[WhiteElo "2261"]
[BlackElo "2543"]
[PlyCount "58"]
[EventDate "2014.10.02"]
[EventType "team-tourn"]
[EventRounds "9"]
[EventCountry "ISL"]
[SourceTitle "EXT 2016"]
[Source "ChessBase"]
[SourceDate "2015.10.08"]
[SourceVersion "1"]
[SourceVersionDate "2015.10.08"]
[SourceQuality "1"]
[WhiteTeam "Huginn II"]
[BlackTeam "Vestmannaeyja"]
[WhiteTeamCountry "ISL"]
[BlackTeamCountry "ISL"]

1. Nf3 g6 2. d4 Bg7 3. c4 Nf6 4. Nc3 0-0 5. g3 d5 6. Bg2 dxc4 7. 0-0 c6 8. a4 a5 9. e4 Bg4 10. h3 Bxf3 11. Bxf3 e5 12. dxe5 Nfd7 13. e6 fxe6 14. Bg4 Nc5 15. Be3 Nba6 16. Qe2 h5 17. Bxc5 Nxc5 18. Qxc4 hxg4 19. Qxc5 Bd4 20. Qc4 Qf6 21. Kh2 Qe5 22. hxg4 Bxf2 23. Ne2 Rf6 24. Kg2 Raf8 25. Nf4 Bxg3 26. Nd3 Qg5 27. Rxf6 Rxf6 28. e5 Bxe5 29. Rd1 Qe3 0-1

[Event "Reykjavik op"]
[Site "Reykjavik"]
[Date "1994.??.??"]
[Round "3"]
[White "Bronstein, David Ionovich"]
[Black "Arnason, Throstur"]
[Result "1-0"]
[WhiteElo "2400"]
[BlackElo "2290"]
[PlyCount "75"]
[EventDate "1994.02.??"]
[EventType "swiss"]
[EventRounds "9"]
[EventCountry "ISL"]
[SourceTitle "CBM 039 Extra"]
[Source "ChessBase"]
[SourceDate "1994.05.01"]
[SourceVersion "1"]
[SourceVersionDate "1994.05.01"]
[SourceQuality "1"]

1. e4 e6 2. d4 d5 3. Nc3 Bb4 4. Nge2 dxe4 5. a3 Be7 6. Nxe4 Nf6 7. Qd3 0-0 8. Bf4 Nxe4 9. Qxe4 c5 10. 0-0-0 Nc6 11. dxc5 Qa5 12. Bd6 Bxd6 13. cxd6 Bd7 14. Nd4 Nxd4 15. Rxd4 f5 16. Qe3 Kh8 17. Bc4 b5 18. Bb3 Rab8 19. Rhd1 b4 20. Qd2 Qe5 21. f4 Qf6 22. Rxb4 e5 23. fxe5 Qxe5 24. g3 Rbc8 25. Kb1 a5 26. Rb7 a4 27. Rxd7 axb3 28. cxb3 f4 29. Re7 Qf5+ 30. Ka2 f3 31. Qd4 Qg5 32. h4 Qh6 33. d7 Rcd8 34. Rf1 Qg6 35. g4 h6 36. g5 Rb8 37. Qe3 Qc2 38. gxh6 1-0

[Event "Reykjavik op"]
[Site "Reykjavik"]
[Date "1994.??.??"]
[Round "9"]
[White "Ulfarsson, Magnus Orn"]
[Black "Arnason, Throstur"]
[Result "0-1"]
[WhiteElo "2250"]
[BlackElo "2290"]
[PlyCount "52"]
[EventDate "1994.02.??"]
[EventType "swiss"]
[EventRounds "9"]
[EventCountry "ISL"]
[SourceTitle "CBM 039 Extra"]
[Source "ChessBase"]
[SourceDate "1994.05.01"]
[SourceVersion "1"]
[SourceVersionDate "1994.05.01"]
[SourceQuality "1"]

1. e4 e6 2. d4 d5 3. Nc3 Bb4 4. e5 c5 5. a3 Bxc3+ 6. bxc3 Ne7 7. h4 Bd7 8. h5 h6 9. Qg4 Qc7 10. Qxg7 Rg8 11. Qxh6 cxd4 12. Ne2 Nbc6 13. Qf4 dxc3 14. Rh3 0-0-0 15. Rxc3 d4 16. Rh3 f6 17. exf6 e5 18. Qh2 Nd5 19. Rf3 Bg4 20. f7 Rgf8 21. Bg5 Bxf3 22. Bxd8 Nxd8 23. Qh3+ Kb8 24. Qxf3 Qa5+ 25. Kd1 Rxf7 26. Qg3 Ne3+ 0-1

[Event "Skovde op-A"]
[Site "Skovde"]
[Date "1992.??.??"]
[Round "3"]
[White "Solbrand, Stefan"]
[Black "Arnason, Throstur"]
[Result "1/2-1/2"]
[WhiteElo "2285"]
[BlackElo "2295"]
[PlyCount "108"]
[EventDate "1992.??.??"]
[EventType "swiss"]
[EventRounds "6"]
[EventCountry "NOR"]
[SourceTitle "EXT 2002"]
[Source "ChessBase"]
[SourceDate "2001.11.25"]
[SourceVersion "1"]
[SourceVersionDate "2001.11.25"]
[SourceQuality "1"]

1. e4 e6 2. d4 d5 3. Nc3 Nf6 4. Bg5 Be7 5. e5 Ne4 6. Nxe4 dxe4 7. Be3 c5 8. Bb5+ Nd7 9. c3 a6 10. Bxd7+ Bxd7 11. Ne2 Qc7 12. 0-0 f5 13. exf6 gxf6 14. dxc5 0-0-0 15. Qb3 Bxc5 16. Qc4 Bxe3 17. Qxc7+ Kxc7 18. fxe3 f5 19. Rad1 Bb5 20. c4 Be8 21. Rxd8 Kxd8 22. Nd4 Ke7 23. b4 Ba4 24. Kf2 Rc8 25. c5 Rd8 26. g3 h5 27. Ke1 Be8 28. Rf2 Ba4 29. Rd2 h4 30. Rg2 Kf6 31. Rd2 hxg3 32. hxg3 Rh8 33. Ne2 Rh1+ 34. Kf2 Rb1 35. a3 Ra1 36. Nf4 Rxa3 37. Rd6 Ra2+ 38. Ke1 Kg5 39. Nxe6+ Kg4 40. Nd4 Ra1+ 41. Kd2 Kxg3 42. Nxf5+ Kf2 43. Kc3 Rb1 44. Rb6 Rb3+ 45. Kd4 Bc6 46. Ne7 Bb5 47. Rf6+ Ke2 48. Nd5 Bc6 49. Nc3+ Kd2 50. Nxe4+ Bxe4 51. Kxe4 Rxb4+ 52. Kf3 a5 53. c6 b5 54. Rd6+ Kc2 1/2-1/2

[Event "Troll Masters"]
[Site "Gausdal"]
[Date "1991.??.??"]
[Round "9"]
[White "Arnason, Throstur"]
[Black "Coleman, David"]
[Result "1-0"]
[WhiteElo "2300"]
[BlackElo "2295"]
[PlyCount "59"]
[EventDate "1991.01.??"]
[EventType "swiss"]
[EventRounds "9"]
[EventCountry "NOR"]
[SourceTitle "TD"]
[Source "ChessBase"]
[SourceDate "1994.03.01"]
[SourceVersion "1"]
[SourceVersionDate "1994.03.01"]
[SourceQuality "1"]

1. d4 Nf6 2. c4 g6 3. Nf3 Bg7 4. g3 0-0 5. Bg2 d6 6. 0-0 Nc6 7. b3 Bg4 8. Bb2 Qd7 9. Nbd2 Rad8 10. d5 Nb8 11. Re1 Qf5 12. Nd4 Qc8 13. f3 Bd7 14. e4 c5 15. Nc2 Rfe8 16. e5 dxe5 17. Bxe5 e6 18. Bxf6 Bxf6 19. Ne4 Be5 20. Ne3 f5 21. f4 Bxa1 22. Nd6 exd5 23. Bxd5+ Be6 24. Nxc8 Bd4 25. Kg2 Bxe3 26. Bxe6+ Kf8 27. Qa1 Rd2+ 28. Kh3 Rxe6 29. Qc3 g5 30. fxg5 1-0

[Event "Politiken Cup 12th"]
[Site "Copenhagen"]
[Date "1990.06.30"]
[Round "10"]
[White "Arnason, Throstur"]
[Black "Adamski, Jan"]
[Result "1-0"]
[WhiteElo "2235"]
[BlackElo "2410"]
[PlyCount "76"]
[EventDate "1990.06.20"]
[EventType "swiss"]
[EventRounds "10"]
[EventCountry "DEN"]
[SourceTitle "EXT 2000"]
[Source "ChessBase"]
[SourceDate "1999.11.16"]
[SourceVersion "1"]
[SourceVersionDate "1999.11.16"]
[SourceQuality "1"]

1. d4 Nf6 2. c4 e6 3. Nc3 Bb4 4. Qc2 c5 5. Nf3 cxd4 6. Nxd4 Nc6 7. Nxc6 bxc6 8. a3 Be7 9. e4 e5 10. Be2 0-0 11. Be3 d6 12. Rd1 Be6 13. 0-0 Qc7 14. f4 exf4 15. Bxf4 Nd7 16. Na4 Ne5 17. c5 d5 18. Qc3 Bf6 19. Qg3 Qa5 20. b3 d4 21. Bxe5 Bxe5 22. Qxe5 Bxb3 23. Nb2 Bxd1 24. Rxd1 Rfe8 25. Qxd4 Rad8 26. Nc4 Rxd4 27. Nxa5 Rxd1+ 28. Bxd1 Rxe4 29. Bf3 Ra4 30. Nxc6 Rxa3 31. Nb8 a5 32. c6 Rc3 33. Na6 a4 34. c7 a3 35. Bd5 Kf8 36. Kf2 Ke7 37. Ke1 Kd7 38. Bxf7 Re3+ 1-0

[Event "Reykjavik op"]
[Site "Reykjavik"]
[Date "1990.??.??"]
[Round "6"]
[White "Arnason, Throstur"]
[Black "Hoi, Carsten"]
[Result "1/2-1/2"]
[WhiteElo "2235"]
[BlackElo "2445"]
[PlyCount "82"]
[EventDate "1990.03.??"]
[EventType "swiss"]
[EventRounds "11"]
[EventCountry "ISL"]
[SourceTitle "CBM 018 Extra"]
[Source "ChessBase"]
[SourceDate "1990.11.01"]
[SourceVersion "1"]
[SourceVersionDate "1990.11.01"]
[SourceQuality "1"]

1. d4 d6 2. c4 g6 3. Nc3 Bg7 4. e4 Nf6 5. Be2 0-0 6. Bg5 c6 7. Qd2 a6 8. h4 b5 9. f3 h5 10. Rd1 Qc7 11. Nh3 Bxh3 12. Rxh3 Nbd7 13. Qe3 bxc4 14. Bxc4 d5 15. Be2 dxe4 16. fxe4 e5 17. d5 cxd5 18. Nxd5 Nxd5 19. Rxd5 Nb6 20. Rd1 Rab8 21. Kf1 a5 22. b3 Kh7 23. Qc3 Qb7 24. Bf3 a4 25. Kg1 axb3 26. axb3 Rfc8 27. Qe1 Nd7 28. g4 Nf6 29. gxh5 gxh5 30. Bxf6 Qb6+ 31. Kh1 Qxf6 32. Bxh5 Bh6 33. Rd7 Rf8 34. Bg4 Rg8 35. Bf5+ Kh8 36. Rhd3 Rbc8 37. R7d6 Rc1 38. Qxc1 Qxh4+ 39. Rh3 Qxh3+ 40. Bxh3 Bxc1 41. Rd3 Rb8 1/2-1/2

[Event "Reykjavik op"]
[Site "Reykjavik"]
[Date "1990.??.??"]
[Round "9"]
[White "Brendel, Oliver"]
[Black "Arnason, Throstur"]
[Result "0-1"]
[WhiteElo "2360"]
[BlackElo "2235"]
[PlyCount "62"]
[EventDate "1990.03.??"]
[EventType "swiss"]
[EventRounds "11"]
[EventCountry "ISL"]
[SourceTitle "CBM 018 Extra"]
[Source "ChessBase"]
[SourceDate "1990.11.01"]
[SourceVersion "1"]
[SourceVersionDate "1990.11.01"]
[SourceQuality "1"]

1. e4 e6 2. d4 d5 3. Nc3 Nf6 4. Bg5 Be7 5. Bxf6 Bxf6 6. Nf3 0-0 7. Qd2 c5 8. exd5 exd5 9. 0-0-0 c4 10. Ne5 a6 11. Be2 Ra7 12. f4 b5 13. Bf3 Bb7 14. Kb1 Qd6 15. g4 Nd7 16. g5 Bd8 17. Nxd7 Qxd7 18. Qg2 Ba5 19. Nxd5 Bxd5 20. Bxd5 Qd6 21. f5 Rd8 22. Bc6 Rc7 23. Be4 c3 24. a3 cxb2 25. Rd3 Rc3 26. Rxc3 Bxc3 27. Ka2 Qxd4 28. Bd3 Qa4 29. f6 b4 30. Bxh7+ Kh8 31. fxg7+ Kxg7 0-1

[Event "Reykjavik op"]
[Site "Reykjavik"]
[Date "1988.??.??"]
[Round "?"]
[White "Arnason, Throstur"]
[Black "Jonasson, Benedikt"]
[Result "0-1"]
[WhiteElo "2235"]
[BlackElo "2345"]
[PlyCount "72"]
[EventDate "1988.02.??"]
[EventType "swiss"]
[EventRounds "11"]
[EventCountry "ISL"]
[SourceTitle "TD"]
[Source "ChessBase"]
[SourceDate "1994.03.01"]
[SourceVersion "1"]
[SourceVersionDate "1994.03.01"]
[SourceQuality "1"]

1. d4 d5 2. c4 e6 3. Nc3 c5 4. Nf3 cxd4 5. Nxd4 e5 6. Nf3 d4 7. Nd5 Nc6 8. e4 Bd6 9. Bd3 Nge7 10. h3 Ng6 11. g4 Be6 12. a3 a5 13. Bg5 f6 14. Bd2 0-0 15. Ng1 Nf4 16. Bxf4 exf4 17. Ne2 g5 18. f3 Ne5 19. Nxd4 Bxd5 20. cxd5 Qb6 21. Nf5 Bc5 22. Rb1 Bf2+ 23. Ke2 Bg3 24. Rf1 Rac8 25. Qd2 Kh8 26. b4 a4 27. Rbc1 Rfd8 28. Nxg3 fxg3 29. Qe3 Qd6 30. Rxc8 Rxc8 31. Rc1 Rxc1 32. Qxc1 Qb6 33. Qc5 Qxc5 34. bxc5 g2 35. Kf2 Nxd3+ 36. Kxg2 Nxc5 0-1

[Event "Reykjavik op"]
[Site "Reykjavik"]
[Date "1988.??.??"]
[Round "?"]
[White "Arnason, Throstur"]
[Black "Polgar, Sofia"]
[Result "0-1"]
[WhiteElo "2235"]
[BlackElo "2320"]
[PlyCount "98"]
[EventDate "1988.02.??"]
[EventType "swiss"]
[EventRounds "11"]
[EventCountry "ISL"]
[SourceTitle "TD"]
[Source "ChessBase"]
[SourceDate "1994.03.01"]
[SourceVersion "1"]
[SourceVersionDate "1994.03.01"]
[SourceQuality "1"]

1. d4 Nf6 2. c4 c5 3. d5 b5 4. cxb5 a6 5. e3 Bb7 6. Nc3 Qa5 7. Bd2 axb5 8. Bxb5 Qb6 9. Nge2 Nxd5 10. 0-0 e6 11. a4 Nb4 12. e4 Be7 13. Ng3 0-0 14. Qg4 Kh8 15. Nce2 Bc6 16. Nh5 Rg8 17. Bc3 Bf8 18. Bxb4 Bxb5 19. axb5 Rxa1 20. Rxa1 cxb4 21. Qf4 Qxb5 22. Neg3 f6 23. Ra8 Nc6 24. Qc7 Qd3 25. Nf4 Qb1+ 26. Nf1 Qxe4 27. Qxd7 Nd4 28. Qe8 g5 29. Nh5 Ne2+ 30. Kh1 Qb1 31. Nhg3 Nxg3+ 32. hxg3 Qxf1+ 33. Kh2 Qd3 34. Qf7 Qg6 35. Qxe6 Bc5 36. Rxg8+ Qxg8 37. Qxf6+ Qg7 38. Qd8+ Bf8 39. b3 h6 40. Qd5 Qf6 41. f3 Kg7 42. Kh3 Qf7 43. Qd4+ Kg8 44. g4 Qxb3 45. g3 Qxf3 46. Qc4+ Kh8 47. Qc1 b3 48. Qg1 Bg7 49. Qf2 Qh1+ 0-1

[Event "Gausdal Int"]
[Site "Gausdal"]
[Date "1988.??.??"]
[Round "?"]
[White "Brunner, Lucas"]
[Black "Arnason, Throstur"]
[Result "1-0"]
[WhiteElo "2425"]
[BlackElo "2235"]
[PlyCount "67"]
[EventDate "1988.08.??"]
[EventType "swiss"]
[EventRounds "9"]
[EventCountry "NOR"]
[SourceTitle "EXT 1997"]
[Source "ChessBase"]
[SourceDate "1996.11.15"]
[SourceVersion "1"]
[SourceVersionDate "1996.11.15"]
[SourceQuality "1"]

1. e4 e6 2. d4 d5 3. Nc3 Bb4 4. e5 c5 5. a3 Bxc3+ 6. bxc3 Ne7 7. a4 Qa5 8. Qd2 Nbc6 9. Nf3 f6 10. Ba3 fxe5 11. Bxc5 e4 12. Ng1 Qc7 13. Be2 b6 14. Ba3 0-0 15. c4 Rf6 16. Rb1 Nf5 17. c3 Na5 18. c5 Bd7 19. Nh3 e3 20. fxe3 Ng3 21. hxg3 Qxg3+ 22. Kd1 Qxg2 23. Qe1 Bxa4+ 24. Kc1 Nc4 25. Bd3 Nxa3 26. Rb2 Qg4 27. Ra2 Bb5 28. Bxh7+ Kf8 29. Rxa3 bxc5 30. Nf4 cxd4 31. cxd4 Qf3 32. Bd3 Rxf4 33. Rh8+ Kf7 34. Rxa8 1-0